Statistics for Flags of National Subdivisions

Click here to take the quiz!

General Stats

  • This quiz has been taken 112 times
  • The average score is 15 of 20

Answer Stats

Answer % Correct
Quebec
97%
Catalonia
96%
Scotland
96%
Faroe Islands
90%
Bavaria
88%
Macau
87%
Somaliland
81%
Brittany
81%
Abu Dhabi
79%
Nevis
76%
Ă…land
76%
Sicily
74%
Zanzibar
73%
Vaduz
67%
Brussels
67%
New York
63%
North Holland
56%
Prague
50%
Osaka
36%
Munster
35%

Score Distribution

Percentile by Number Answered

Percent of People with Each Score

Your Score History

You have not taken this quiz